header

Implementing public policy (Record no. 55597)

MARC details
000 -LEADER
fixed length control field 01352nam a2200361 a 4500
082 04 - DEWEY DECIMAL CLASSIFICATION NUMBER
Classification number 320/.6
100 1# - MAIN ENTRY--AUTHOR NAME
Personal name Hill, Michael J.
245 10 - TITLE STATEMENT
Title Implementing public policy
260 ## - PUBLICATION, DISTRIBUTION, ETC. (IMPRINT)
Place of publication London ;
-- Thousand Oaks, Calif. :
Name of publisher Sage,
Year of publication 2002.
300 ## - PHYSICAL DESCRIPTION
Number of Pages xii, 231 p.
490 1# - SERIES STATEMENT
Series statement Sage politics texts
650 #0 - SUBJECT ADDED ENTRY--TOPICAL TERM
Topical Term Policy sciences.
Topical Term Political planning.
Topical Term Public administration.
700 1# - ADDED ENTRY--PERSONAL NAME
Personal name Hupe, Peter L.
856 40 - ELECTRONIC LOCATION AND ACCESS
Uniform Resource Identifier http://site.ebrary.com/lib/rucke/Doc?id=10080997

No items available.

© 2026 Rongo University
Contact us: librarian | system librarian | Rongo university